000 00382nam a2200133Ia 4500
005 20260326100038.0
008 260326s9999||||xx |||||||||||||| ||und||
100 _aCodazzi, Agustín
245 0 _aGeografía física y política de la Confederación Granadina /
_cAgustín Codazzi
260 _bUniversidad Nacional de Colombia
300 _a199 p.
650 _aPANAMÁ
942 _cBK
999 _c6900
_d6900